[Event "Wijk aan Zee (open)"]
[Site "?"]
[Date "1993.??.??"]
[Round "?"]
[White "Gelfand, B."]
[Black "Azmaiparashvili, Z."]
[Result "0-1"]
[WhiteElo "2690"]
[BlackElo "2655"]
[PlyCount "75"]
[EventDate "1993.??.??"]
[Source "ChessBase"]
[SourceDate "1992.10.01"]

1. d4 d6 2. Nf3 g6 3. c4 Bg7 4. Nc3 e5 5. e4 exd4 6. Nxd4 Ne7 7. h4 O-O 8. h5 c5 9. Nb3 Nbc6 10. hxg6 fxg6 11. Bg5 Qe8 12. Qd2 Nf5 13. O-O-O Nfd4 14. Bh6 Nxb3+ 15. axb3 Nd4 16. Kb1 Nxb3 17. Qxd6 Bxh6 18. Rxh6 Bg4 19. f3 Rd8 20. Qxd8 Qxd8 21. Rxd8 Rxd8 22. fxg4 Nd2+ 23. Kc2 Nxf1 24. Nd5 Rf8 25. e5 Kg7 26. Rh3 Re8 27. Rh1 Ng3 28. Re1 h5 29. gxh5 gxh5 30. Kd3 Nf5 31. Nf4 Kh6 32. Ke4 Kg5 33. Nh3+ Kg6 34. Kd5 Rd8+ 35. Kxc5 Rd2 36. e6 b6+ 37. Kc6 Ne7+ 38. Kc7 0-1

[Event "Montecatini Terme"]
[Site "?"]
[Date "2000.??.??"]
[Round "?"]
[White "Piket, Je"]
[Black "Azmaiparashvili, Z."]
[Result "1-0"]
[WhiteElo "2645"]
[BlackElo "2670"]
[PlyCount "115"]
[EventDate "2000.??.??"]
[Source "Chess Informant"]
[SourceDate "2000.06.01"]

1. d4 d6 2. c4 g6 3. Nc3 Bg7 4. e4 e5 5. dxe5 dxe5 6. Qxd8+ Kxd8 7. f4 Be6 8. Nf3 Nd7 9. Ng5 Nh6 10. Be2 c6 11. O-O Ke7 12. h3 exf4 13. Bxf4 Ne5 14. Rad1 f6 15. Bxe5 fxe5 16. Nxe6 Kxe6 17. Na4 Bf8 18. c5 Ke7 19. Bc4 Rd8 20. g4 Rxd1 21. Rxd1 g5 22. b4 Bg7 23. Nb2 Rf8 24. Kg2 Rf4 25. Re1 Rf8 26. Re3 Rd8 27. Rd3 Nf7 28. Bxf7 Rxd3 29. Nxd3 Kxf7 30. a4 Bf6 31. Kf3 Ke6 32. Ke2 Bd8 33. Kd2 Bc7 34. Kc3 Bd8 35. Nb2 Bc7 36. Nc4 Kd7 37. b5 cxb5 38. axb5 Ke6 39. Kb4 b6 40. Nb2 Bd8 41. Kc4 Be7 42. c6 Bd6 43. Nd3 Bc7 44. Nb4 Bd6 45. Na6 Ba3 46. Nc7+ Kd6 47. Ne8+ Ke6 48. c7 Kd7 49. Kd5 Bb2 50. Nf6+ Kxc7 51. Nxh7 Bc1 52. Kxe5 a5 53. bxa6 b5 54. Kd5 Kb6 55. e5 Kxa6 56. e6 Ba3 57. Nxg5 Kb6 58. Nf7 1-0

[Event "Erevan ARM"]
[Site "Erevan ARM"]
[Date "1996.??.??"]
[Round "?"]
[White "Epishin, Vladimir V"]
[Black "Ehlvest, Jaan"]
[Result "0-1"]
[WhiteElo "2645"]
[BlackElo "2660"]
[PlyCount "82"]
[EventDate "1996.??.??"]
[Source "www.chesslib.no"]
[SourceDate "2004.05.04"]

1. d4 g6 2. c4 Bg7 3. e4 d6 4. Nf3 e5 5. Nc3 exd4 6. Nxd4 Ne7 7. Be3 O-O 8. h4 c5 9. Nb3 Nbc6 10. Qd2 Be6 11. h5 Nc8 12. O-O-O a5 13. Bh6 Bh8 14. Qe3 Qe7 15. Nd5 Bxd5 16. hxg6 Bxe4 17. Bxf8 Kxf8 18. gxf7 a4 19. Nxc5 dxc5 20. Bd3 Bxd3 21. Qxd3 Qf6 22. Rd2 N8e7 23. Qxh7 Bg7 24. a3 Nd4 25. Kb1 Kxf7 26. Qh5+ Qg6+ 27. Ka2 Qxh5 28. Rxh5 b6 29. Rd3 Ng6 30. Rg3 Nf4 31. Rh4 Nfe6 32. Rh5 Rb8 33. Rg4 b5 34. cxb5 Rxb5 35. Rd5 Rb7 36. Re4 Bf6 37. Kb1 Nb5 38. Kc2 Nbd4+ 39. Kb1 c4 40. Re3 Nf4 41. Rc5 Nde2 0-1

[Event "Mind Sports Games - Rapid Ind"]
[Site "Pechino CINA"]
[Date "2008.10.05"]
[Round "3"]
[White "Gurevich, M1."]
[Black "Azmaiparashvili, Z."]
[Result "1-0"]
[WhiteElo "2634"]
[BlackElo "2626"]
[PlyCount "111"]
[EventDate "2008.10.05"]
[Source "www.chesslib.no"]
[SourceDate "2004.05.04"]

1. d4 d6 2. Nf3 g6 3. c4 Bg7 4. Nc3 e5 5. e4 Nc6 6. d5 Nd4 7. Be3 Bg4 8. Be2 Bxf3 9. Bxf3 c5 10. dxc6 bxc6 11. b4 Ne7 12. O-O O-O 13. Rb1 Qd7 14. Be2 Rfd8 15. Re1 Rac8 16. Bg4 f5 17. exf5 Nexf5 18. Bxd4 exd4 19. Ne4 Re8 20. Qd3 Re5 21. Ng3 Rf8 22. b5 c5 23. Rxe5 Bxe5 24. Nxf5 gxf5 25. Bf3 Kh8 26. g3 Qd8 27. Qd2 f4 28. g4 Qh4 29. Kg2 Rg8 30. h3 h5 31. Rh1 d3 32. Qxd3 Bd4 33. Qe2 Rg7 34. Qe8+ Rg8 35. Qe2 Rg7 36. Re1 Re7 37. Qd2 Re3 38. Rxe3 fxe3 39. fxe3 hxg4 40. Bxg4 Qg5 41. Qf2 Be5 42. Qf8+ Qg8 43. Qxg8+ Kxg8 44. Kf3 d5 45. cxd5 c4 46. h4 Kf8 47. Ke4 Bf6 48. h5 c3 49. Bd1 Ke7 50. Kf5 Bg7 51. e4 Kd6 52. a4 Bh6 53. a5 Be3 54. b6 axb6 55. a6 b5 56. h6 1-0

[Event "Biel SKA"]
[Site "Biel"]
[Date "1996.??.??"]
[Round "6"]
[White "Portisch, Lajos"]
[Black "Ehlvest, Jaan"]
[Result "0-1"]
[WhiteElo "2600"]
[BlackElo "2660"]
[PlyCount "154"]
[EventDate "1996.07.22"]
[Source "ChessBase"]

1. d4 g6 2. c4 Bg7 3. e4 d6 4. Nc3 e5 5. Nf3 exd4 6. Nxd4 Ne7 7. Bg5 h6 8. Be3 Nbc6 9. Qd2 f5 10. exf5 Nxf5 11. Nxf5 Bxf5 12. Be2 Qh4 13. Nd5 O-O-O 14. g3 Qe4 15. f3 Qc2 16. Qxc2 Bxc2 17. Kd2 Bf5 18. g4 Be6 19. Rab1 Rhe8 20. Rhf1 Bf7 21. b4 Ne7 22. Nxe7+ Rxe7 23. Bd3 c5 24. Rfc1 b6 25. Bf2 Be5 26. Bg3 cxb4 27. Bxe5 dxe5 28. Ke3 Red7 29. Be4 Rc7 30. Rxb4 Rd4 31. f4 Rdxc4 32. Rcxc4 Rxc4 33. Rxc4+ Bxc4 34. a3 g5 35. fxe5 Kd7 36. Kd4 Be2 37. Bf5+ Ke7 38. Kd5 Bf3+ 39. Kc4 Bc6 40. Bc2 Kd7 41. Bf5+ Kc7 42. Kd4 Bg2 43. Bd3 Bf3 44. Bf5 Kc6 45. Be6 a5 46. Kc4 Bh1 47. Kd4 Bg2 48. Bf7 Bf3 49. Be6 b5 50. Bc8 Bd5 51. Bf5 b4 52. axb4 axb4 53. Bc8 Ba2 54. Bf5 Bd5 55. Bc8 Bb3 56. Bf5 Bg8 57. Bc8 b3 58. Bf5 Bd5 59. Kc3 Kc7 60. Kd4 Kc6 61. Kc3 Bg8 62. Kd4 Kc7 63. Kc3 Kd8 64. Be4 Ke7 65. Bd3 Be6 66. Be2 Bf7 67. Bb5 Bd5 68. Bd3 Kd7 69. Bf5+ Be6 70. Bd3 Kc6 71. Be2 Kc5 72. Bd1 Bf7 73. Be2 Bg8 74. Bd3 Be6 75. Be2 Kc6 76. Kd4 b2 77. Bd3 Ba2 0-1

[Event "Groningen"]
[Site "?"]
[Date "1994.??.??"]
[Round "?"]
[White "Georgiev, Ki"]
[Black "Azmaiparashvili, Z."]
[Result "0-1"]
[WhiteElo "2615"]
[BlackElo "2625"]
[PlyCount "148"]
[EventDate "1994.??.??"]
[Source "ChessBase"]
[SourceDate "1994.10.01"]

1. d4 d6 2. Nf3 g6 3. c4 Bg7 4. Nc3 e5 5. g3 Nd7 6. Bg2 Ne7 7. O-O O-O 8. e4 exd4 9. Nxd4 Nc6 10. Nde2 a5 11. h3 Nc5 12. Be3 Be6 13. b3 a4 14. Rb1 axb3 15. axb3 f5 16. Kh2 fxe4 17. Nxe4 Nxe4 18. Bxe4 Bf5 19. Qd5+ Kh8 20. Bxf5 Rxf5 21. Qd2 Qf6 22. Nf4 Rfa5 23. Nd5 Qf7 24. Bh6 Be5 25. Qd3 Ra2 26. Kg2 Bd4 27. Qf3 Qxf3+ 28. Kxf3 Ne5+ 29. Kg2 Nf7 30. Nxc7 Nxh6 31. Nxa8 Rxa8 32. Rfd1 Nf5 33. g4 Nh4+ 34. Kg3 Bf6 35. f4 Ra2 36. g5 Nf5+ 37. Kf3 Bd4 38. Rd3 Kg7 39. Rbd1 Bc5 40. b4 Bxb4 41. Rb3 Ra4 42. c5 Kf8 43. cxd6 Bxd6 44. Rxb7 Rxf4+ 45. Ke2 Be7 46. Rd3 Rh4 47. Rc3 Rh5 48. Kf2 Rxg5 49. Rcc7 Rh5 50. Rc3 Rh4 51. Kg2 Kf7 52. Ra7 Rb4 53. Ra2 h5 54. Rd3 Bd6 55. Ra7+ Ke6 56. Ra2 Nh4+ 57. Kf2 Rf4+ 58. Ke2 Nf5 59. Ra6 Rb4 60. Ra2 Rb1 61. Kf2 Bc5+ 62. Kg2 Rg1+ 63. Kh2 Rg5 64. Re2+ Kf6 65. Red2 Bg1+ 66. Kh1 Be3 67. Rg2 Ng3+ 68. Kh2 h4 69. Rd1 Ra5 70. Rb2 Nh5 71. Rd3 Bf4+ 72. Kg2 Bg3 73. Rb6+ Kg5 74. Kf3 Rf5+ 0-1

[Event "Bourgas"]
[Site "Bourgas BUL"]
[Date "1994.??.??"]
[Round "?"]
[White "Greenfeld, Alon"]
[Black "Azmaiparashvili, Zurab A"]
[Result "1/2-1/2"]
[WhiteElo "2610"]
[BlackElo "2625"]
[PlyCount "126"]
[EventDate "1994.??.??"]
[Source "www.chesslib.no"]
[SourceDate "2004.05.04"]

1. d4 d6 2. Nf3 g6 3. g3 Bg7 4. Bg2 Nd7 5. O-O e5 6. c4 Ne7 7. Nc3 O-O 8. e4 a6 9. Be3 exd4 10. Bxd4 f6 11. Nd5 Nc5 12. Qc2 Nc6 13. Bc3 Ne5 14. b4 Ne6 15. Nd2 c6 16. Ne3 Bh6 17. Rae1 c5 18. a3 Nd4 19. Qb1 Bxe3 20. Rxe3 Be6 21. Rd1 Qb6 22. Bf1 Ng4 23. Rd3 Ne5 24. Re3 Rad8 25. h3 Qa7 26. Kg2 f5 27. bxc5 dxc5 28. Ba5 Rc8 29. f4 Nd7 30. Kh2 b5 31. Bg2 b4 32. axb4 cxb4 33. exf5 Rxf5 34. Nb3 Nxb3 35. Rxe6 Nxa5 36. Re7 Rf7 37. Rdxd7 Qxd7 38. Rxd7 Rxd7 39. Qxb4 Nxc4 40. Bf1 Nd2 41. Bg2 Rc2 42. g4 Kg7 43. Kg3 h6 44. Bd5 Nf1+ 45. Kh4 g5+ 46. fxg5 hxg5+ 47. Kxg5 Rxd5+ 48. Kh4 Rc7 49. Qb2+ Kf7 50. Qf2+ Ke6 51. Qxf1 Rc6 52. Qe2+ Kd7 53. Qe4 Rcc5 54. Qa4+ Rc6 55. g5 Kc7 56. Kh5 a5 57. h4 Kb6 58. Qb3+ Rb5 59. Qe3+ Ka6 60. Qe8 Kb7 61. Qe7+ Kb6 62. Qe3+ Ka6 63. Qd3 Kb6 1/2-1/2

[Event "EUCup final"]
[Site "Lyon"]
[Date "1994.??.??"]
[Round "?"]
[White "Dorfman, Josif D"]
[Black "Azmaiparashvili, Zurab"]
[Result "1/2-1/2"]
[WhiteElo "2595"]
[BlackElo "2625"]
[PlyCount "50"]
[EventDate "1994.11.??"]
[Source "ChessBase"]

1. d4 d6 2. Nf3 g6 3. g3 Bg7 4. Bg2 Nd7 5. O-O e5 6. c4 Ne7 7. Nc3 O-O 8. e4 exd4 9. Nxd4 Nc6 10. Nxc6 bxc6 11. Qc2 Qf6 12. Ne2 Re8 13. Rb1 Qe7 14. Be3 c5 15. Rbe1 Rb8 16. b3 Qe5 17. Bd2 Bb7 18. Nc3 Qe7 19. h3 Nf8 20. Nd5 Qd8 21. Nf4 Ne6 22. Nxe6 Rxe6 23. h4 Qe7 24. Bg5 Qe8 25. Bd2 Qe7 1/2-1/2

[Event "It"]
[Site "It Antwerpen"]
[Date "1993.??.??"]
[Round "3"]
[White "Gurevich, Mikhail N"]
[Black "Speelman, Jonathan S"]
[Result "1-0"]
[WhiteElo "2610"]
[BlackElo "2605"]
[PlyCount "83"]
[EventDate "1993.??.??"]
[Source "www.chesslib.no"]
[SourceDate "2004.05.04"]

1. d4 d6 2. c4 e5 3. Nf3 exd4 4. Nxd4 g6 5. Nc3 Bg7 6. e4 Nc6 7. Be3 Nge7 8. h4 f5 9. h5 fxe4 10. hxg6 hxg6 11. Rxh8+ Bxh8 12. Nxe4 Bf5 13. Nxf5 gxf5 14. Qh5+ Kd7 15. O-O-O Qg8 16. Nc5+ Kc8 17. Ne6 Kd7 18. Nc5+ Kc8 19. Ne6 Kd7 20. Nf4 Ne5 21. Nd5 Qg4 22. Qh7 Qg7 23. Qxg7 Bxg7 24. Nxe7 Kxe7 25. c5 Ng4 26. cxd6+ cxd6 27. Bg5+ Bf6 28. Bxf6+ Kxf6 29. Rxd6+ Ke5 30. Rd2 Rh8 31. Kc2 f4 32. Be2 Nxf2 33. Bf3 Rc8+ 34. Kb3 Nh1 35. Rd5+ Kf6 36. Ra5 Ng3 37. Rxa7 Nf1 38. Rxb7 Nd2+ 39. Kb4 Rc4+ 40. Kb5 Rc2 41. Ka6 Nc4 42. Rc7 1-0

[Event "Novi Sad (ol)"]
[Site "?"]
[Date "1990.??.??"]
[Round "?"]
[White "Georgiev, Kir"]
[Black "Seirawan, Y."]
[Result "1/2-1/2"]
[WhiteElo "2580"]
[BlackElo "2635"]
[PlyCount "105"]
[EventDate "1990.??.??"]
[Source "ChessBase"]
[SourceDate "1990.07.01"]

1. d4 d6 2. Nf3 g6 3. c4 Bg7 4. Nc3 e5 5. e4 exd4 6. Nxd4 Nc6 7. Be3 Nge7 8. Nxc6 bxc6 9. Bd4 f6 10. c5 d5 11. Be2 O-O 12. O-O Be6 13. Bf3 dxe4 14. Bxe4 f5 15. Bxg7 Kxg7 16. Bf3 Qxd1 17. Raxd1 Rfd8 18. h4 Kf6 19. b3 a5 20. Rfe1 h6 21. g3 g5 22. hxg5+ hxg5 23. Bg2 Bf7 24. g4 fxg4 25. Ne4+ Kg6 26. Rxd8 Rxd8 27. Nxg5 Kxg5 28. Rxe7 Rd1+ 29. Kh2 Bg6 30. Rg7 Kh6 31. Rxc7 Rd2 32. Kg3 Rxa2 33. Bxc6 Rc2 34. Bd5 Kg5 35. c6 Rc3+ 36. Kh2 Rc5 37. Bg2 Kf6 38. Rd7 Bf7 39. Rd3 Be6 40. Kg3 Ke5 41. Re3+ Kd6 42. Be4 Rb5 43. Bc2 Rc5 44. Be4 Rb5 45. Bc2 Rc5 46. Bd1 Rc1 47. Be2 Rxc6 48. Bxg4 Bf7 49. Rd3+ Ke7 50. Bd1 Rd6 51. Re3+ Kf6 52. Bc2 Rc6 53. Bd1 1/2-1/2

[Event "6th Dubai Open"]
[Site "Dubai"]
[Date "2004.04.20"]
[Round "2.9"]
[White "Vakhidov, Tahir"]
[Black "Nisipeanu, Liviu Dieter"]
[Result "0-1"]
[WhiteElo "2517"]
[BlackElo "2692"]
[PlyCount "84"]
[EventDate "2004.04.19"]
[Source "Roberto Alvarez"]
[SourceDate "2004.05.03"]

1. Nf3 g6 2. d4 Bg7 3. g3 d6 4. c4 Nd7 5. Bg2 e5 6. Nc3 Ne7 7. O-O O-O 8. e4 exd4 9. Nxd4 Nc6 10. Nde2 a5 11. h3 Nc5 12. Be3 Re8 13. f4 Be6 14. b3 Nxe4 15. Bxe4 Bf5 16. Bxf5 Rxe3 17. Nd5 Rxe2 18. Qxe2 Nd4 19. Qd3 Nxf5 20. g4 Bxa1 21. Rxa1 c6 22. gxf5 cxd5 23. fxg6 hxg6 24. Qxd5 Qb6+ 25. Kg2 Re8 26. Qd2 Qc6+ 27. Kg3 Qe4 28. Rf1 Re6 29. Qxa5 Qd3+ 30. Rf3 Qd4 31. Rf2 Re3+ 32. Kh2 Rxb3 33. axb3 Qxf2+ 34. Kh1 Qf1+ 35. Kh2 Qxf4+ 36. Kg2 Qe4+ 37. Kf2 Qc2+ 38. Kg1 Qxb3 39. Qd8+ Kg7 40. Qxd6 Qxc4 41. Qe5+ Kh7 42. Qa5 Qd4+ 0-1

[Event "Mind Sports Games - Rapid Ind"]
[Site "Pechino CINA"]
[Date "2008.10.06"]
[Round "5"]
[White "Banikas, H."]
[Black "Azmaiparashvili, Z."]
[Result "1/2-1/2"]
[WhiteElo "2572"]
[BlackElo "2626"]
[PlyCount "119"]
[EventDate "2008.10.05"]
[Source "www.chesslib.no"]
[SourceDate "2004.05.04"]

1. d4 d6 2. Nf3 g6 3. c4 Bg7 4. Nc3 e5 5. e4 Nc6 6. Bg5 f6 7. Be3 Bh6 8. Qd2 Bxe3 9. Qxe3 Bg4 10. d5 Nce7 11. Nd2 Bd7 12. Be2 f5 13. f4 Nf6 14. fxe5 dxe5 15. exf5 Nxf5 16. Qxe5+ Kf7 17. Nde4 Nxe4 18. Qxe4 c6 19. Qf4 Qb6 20. O-O-O Qe3+ 21. Qxe3 Nxe3 22. Rd4 Rae8 23. g3 Kg7 24. Kd2 Rhf8 25. Re4 Rxe4 26. Nxe4 cxd5 27. Kxe3 dxe4 28. Rd1 Bf5 29. g4 Bc8 30. Rd4 Kf6 31. h4 h6 32. Rxe4 g5 33. hxg5+ hxg5 34. c5 Bd7 35. Rd4 Re8+ 36. Re4 Rc8 37. Kd4 b6 38. b4 bxc5+ 39. bxc5 Bc6 40. Re3 Rd8+ 41. Kc3 Rd5 42. Bc4 Re5 43. Kd4 Rxe3 44. Kxe3 Ke5 45. Be2 a5 46. Bf3 Bxf3 47. Kxf3 Kd5 48. c6 Kxc6 49. Ke4 Kc5 50. Kf5 Kb4 51. Kxg5 Ka3 52. Kf4 a4 53. g5 Kxa2 54. g6 Kb2 55. g7 a3 56. g8=Q a2 57. Qb8+ Kc1 58. Qe5 Kb1 59. Qb5+ Kc2 60. Ke4 1/2-1/2

[Event "BL 0607 SG Köln Porz - Werder Bremen"]
[Site "Germania"]
[Date "2007.03.18"]
[Round "13.7"]
[White "Nyback, Tomi"]
[Black "Hansen, Curt"]
[Result "0-1"]
[WhiteElo "2575"]
[BlackElo "2621"]
[PlyCount "80"]
[EventDate "2006.10.28"]
[Source "www.chesslib.no"]
[SourceDate "2004.05.04"]

1. d4 d6 2. c4 g6 3. e4 Bg7 4. Nc3 e5 5. Nge2 Nc6 6. Be3 Nh6 7. d5 Ne7 8. f3 f5 9. Qd2 Nf7 10. g3 O-O 11. Bg2 c5 12. Rb1 b6 13. b4 Kh8 14. O-O Ng8 15. Nc1 Nf6 16. Nd3 Ba6 17. Nb5 fxe4 18. fxe4 Ng4 19. Bh3 Nxe3 20. Qxe3 Qe7 21. Qe2 Ng5 22. Bg2 h5 23. h4 Nh7 24. Bh3 Bh6 25. a4 Nf6 26. bxc5 bxc5 27. Ne1 Bc8 28. Bxc8 Raxc8 29. Nf3 Rb8 30. Nc3 Rxb1 31. Rxb1 Ng4 32. Nd1 Qd7 33. Rb5 Kg7 34. a5 a6 35. Rb6 Qa4 36. Nh2 Qa3 37. Kg2 Nxh2 38. Kxh2 Rf3 39. Rb7+ Kf6 40. Rh7 Bf4 0-1

[Event "Heitmann Memorial"]
[Site "Heitmann Memorial"]
[Date "1990.??.??"]
[Round "?"]
[White "Lekander, Rolf Ake"]
[Black "Korolev, Sergey Ivanovich"]
[Result "1-0"]
[WhiteElo "2570"]
[BlackElo "2625"]
[PlyCount "96"]
[EventDate "1990.??.??"]
[Source "www.chesslib.no"]
[SourceDate "2004.05.04"]

1. Nf3 c5 2. c4 g6 3. d4 Bg7 4. e4 d6 5. Nc3 Nc6 6. Be3 Bg4 7. dxc5 dxc5 8. Qxd8+ Rxd8 9. Bxc5 Bxc3+ 10. bxc3 Nf6 11. Nd4 Nxe4 12. Nxc6 bxc6 13. Bxa7 Nxc3 14. a4 Rd7 15. Bb6 O-O 16. a5 Ra8 17. f3 Bf5 18. g4 Bb1 19. Ra3 Rd1+ 20. Kf2 Rc1 21. Bd4 Nd1+ 22. Kg3 f6 23. Bg2 e5 24. Bb2 Rc2 25. Bxe5 fxe5 26. Rxd1 Ra2 27. Re3 Bc2 28. Rde1 R8xa5 29. Rxe5 Rxe5 30. Rxe5 Bd3 31. c5 Bb5 32. h4 Bc4 33. h5 Bd5 34. h6 Kf7 35. g5 Rc2 36. Re3 Rxc5 37. Ra3 Ke6 38. Bh3+ Ke5 39. Ra8 Rb5 40. Ra7 Bg8 41. f4+ Kd6 42. Rd7+ Kc5 43. Rg7 Rb3+ 44. Kh4 Bd5 45. Rxh7 Rb4 46. Rg7 Rxf4+ 47. Kg3 Rf3+ 48. Kg4 Ra3 1-0

[Event "Novosibirsk"]
[Site "?"]
[Date "1993.??.??"]
[Round "?"]
[White "Serper, G."]
[Black "Ruban, V."]
[Result "1-0"]
[WhiteElo "2600"]
[BlackElo "2595"]
[PlyCount "127"]
[EventDate "1993.??.??"]
[Source "ChessBase"]
[SourceDate "1993.06.01"]

1. c4 g6 2. e4 c5 3. Nf3 Bg7 4. d4 d6 5. Nc3 Qa5 6. Rb1 cxd4 7. Nxd4 Nc6 8. Be3 Nf6 9. Nb3 Qd8 10. Be2 O-O 11. O-O b6 12. f3 Nd7 13. Qd2 Nc5 14. Na1 a5 15. Nc2 Kh8 16. b3 f5 17. exf5 gxf5 18. f4 Bb7 19. a3 Ne4 20. Nxe4 fxe4 21. Rbd1 Qc7 22. Bg4 Rab8 23. a4 Ba8 24. Be6 Nd8 25. Nd4 Nc6 26. Nxc6 Bxc6 27. Bd5 Rf5 28. Be6 Rff8 29. Bd5 Rf5 30. g4 Rff8 31. Bxc6 Qxc6 32. Qd5 Rbc8 33. Qxc6 Rxc6 34. f5 Be5 35. Kg2 Kg7 36. Rfe1 h5 37. h3 hxg4 38. hxg4 Rh8 39. Bg1 Kf6 40. Rxe4 Rcc8 41. Rd3 Rcg8 42. Rh3 Rxh3 43. Kxh3 Rb8 44. Bf2 e6 45. Bh4+ Kf7 46. Re3 exf5 47. gxf5 Rh8 48. Kg4 Rg8+ 49. Kf3 Rh8 50. Kg4 Rg8+ 51. Kf3 Rh8 52. Re4 Bf6 53. Bxf6 Kxf6 54. Kg4 Kf7 55. Re6 Rd8 56. Kf4 d5 57. cxd5 Rxd5 58. Rxb6 Rd3 59. Ke5 Re3+ 60. Kd4 Rf3 61. Rb5 Ke7 62. Kc4 Rf4+ 63. Kc3 Rf3+ 64. Kb2 1-0

[Event "Presidents Cup"]
[Site "Elista"]
[Date "1998.05.09"]
[Round "1.4"]
[White "Zvjaginsev, Vadim"]
[Black "Makarov, Marat"]
[Result "1/2-1/2"]
[WhiteElo "2655"]
[BlackElo "2540"]
[PlyCount "115"]
[EventDate "1998.05.07"]
[Source "ChessBase"]
[SourceDate "1998.08.06"]

1. Nf3 g6 2. d4 Bg7 3. c4 d6 4. Nc3 Nd7 5. e4 e5 6. Be2 Ne7 7. h4 h6 8. Be3 f5 9. dxe5 dxe5 10. g3 O-O 11. Qd2 fxe4 12. Nxe4 Nf5 13. c5 Nxe3 14. Qxe3 Qe7 15. Nh2 Nf6 16. Nxf6+ Qxf6 17. Ng4 Bxg4 18. Bxg4 e4 19. O-O Rae8 20. b3 h5 21. Bh3 Kh7 22. Rad1 Rf7 23. Bg2 Bh6 24. Qd4 Qxd4 25. Rxd4 e3 26. fxe3 Rfe7 27. Kh2 Bxe3 28. Rc4 c6 29. b4 Kg7 30. a4 a6 31. Rb1 Rd8 32. Re4 Rxe4 33. Bxe4 Rd2+ 34. Kh3 Rd4 35. Bg2 Rd3 36. Bf3 Bd4 37. Kg2 Rd2+ 38. Kh3 Rf2 39. Rd1 Be5 40. Rd3 Kf6 41. b5 axb5 42. axb5 cxb5 43. Bxb7 Rc2 44. Rf3+ Ke7 45. Be4 Rxc5 46. Bxg6 Bd6 47. g4 hxg4+ 48. Kxg4 b4 49. h5 Rc4+ 50. Kf5 Rc5+ 51. Ke4 Rg5 52. Kd4 Rg1 53. Kd5 Rd1+ 54. Rd3 Rg1 55. Rf3 Rg5+ 56. Kc4 Rc5+ 57. Kb3 Ra5 58. Kc4 1/2-1/2

[Event "Dubai (United Arab Emirates)"]
[Site "?"]
[Date "2004.04.20"]
[Round "2"]
[White "Vakhidov Tahir"]
[Black "Nisipeanu Liviu Dieter"]
[Result "0-1"]
[WhiteElo "2504"]
[BlackElo "2687"]
[PlyCount "45"]
[EventDate "2004.??.??"]
[Source "www.chesslib.no"]
[SourceDate "2004.05.04"]

1. Nf3 g6 2. d4 Bg7 3. g3 d6 4. c4 Nd7 5. Bg2 e5 6. Nc3 Ne7 7. O-O O-O 8. e4 exd4 9. Nxd4 Nc6 10. Nde2 a5 11. h3 Nc5 12. Be3 Re8 13. Qd5 Kh8 14. Qd2 Qf6 15. Nf4 Bh6 16. Qd3 Ne5 17. Rfd1 Be6 18. b3 Nxe4 19. Bxe4 Bf5 20. Bxf5 c6 21. Qd5 Re6 22. Qxa5 Qd8 23. Qxe5+ 0-1

[Event "Hoogovens"]
[Site "?"]
[Date "1982.01.??"]
[Round "2"]
[White "Tal Mihail"]
[Black "Christiansen Larry M"]
[Result "1-0"]
[WhiteElo "2605"]
[BlackElo "2585"]
[PlyCount "115"]
[EventDate "1982.??.??"]
[Source "www.chesslib.no"]
[SourceDate "2004.05.04"]

1. e4 g6 2. d4 Bg7 3. c4 d6 4. Nc3 Nc6 5. Be3 Nf6 6. d5 Ne5 7. f4 Ned7 8. Nf3 O-O 9. Be2 e6 10. dxe6 fxe6 11. Ng5 Qe7 12. O-O b6 13. Bf3 Rb8 14. Qd2 Bb7 15. Rae1 h6 16. Nh3 Nc5 17. e5 Nfe4 18. Nxe4 Nxe4 19. Qc2 d5 20. Bxe4 dxe4 21. Nf2 Qf7 22. Nxe4 Qf5 23. Bd2 Rbd8 24. Bc3 Rf7 25. Qe2 Bxe4 26. Qxe4 Bf8 27. Rf3 Bc5+ 28. Kf1 a5 29. Qxf5 gxf5 30. Rg3+ Kh7 31. Ke2 Rfd7 32. a3 a4 33. Rf1 c6 34. Rff3 Bg1 35. Rf1 Bc5 36. Rc1 h5 37. Rc2 Rg8 38. Rxg8 Kxg8 39. Rd2 Rxd2+ 40. Kxd2 Kf7 41. Kd3 Be7 42. Bd4 b5 43. Ba7 Ke8 44. Kd4 Kd7 45. Bb6 Bh4 46. g3 Be7 47. h3 b4 48. Bc5 bxa3 49. Bxa3 Bd8 50. Bb4 Kc8 51. Be1 Kb7 52. c5 Ka6 53. Kc4 Ba5 54. Bxa5 Kxa5 55. h4 a3 56. bxa3 Ka4 57. Kd3 Kxa3 58. g4 1-0

[Event "Beograd"]
[Site "?"]
[Date "1991.??.??"]
[Round "?"]
[White "Lautier, J."]
[Black "Yusupov, A."]
[Result "1-0"]
[WhiteElo "2560"]
[BlackElo "2625"]
[PlyCount "61"]
[EventDate "1991.??.??"]
[Source "ChessBase"]
[SourceDate "1991.10.01"]

1. c4 e5 2. Nc3 d6 3. Nf3 g6 4. d4 Nd7 5. e4 Bg7 6. Be2 Ne7 7. d5 O-O 8. h4 Nf6 9. Be3 Ng4 10. Bd2 c6 11. Ng5 h5 12. f3 Nh6 13. g4 Kh8 14. Qc1 Neg8 15. Qc2 Qe8 16. gxh5 gxh5 17. O-O-O f6 18. Be3 c5 19. Nb5 Qe7 20. Ne6 Bxe6 21. dxe6 Rad8 22. f4 a6 23. Nc3 Qxe6 24. f5 Qf7 25. Qd2 b5 26. Rdg1 Ng4 27. Bxg4 hxg4 28. h5 Kh7 29. h6 Bh8 30. Rxg4 Ne7 31. Qg2 1-0

[Event "Groningen"]
[Site "Groningen"]
[Date "1994.??.??"]
[Round "5"]
[White "Van Wely, Loek"]
[Black "Azmaiparashvili, Zurab"]
[Result "1-0"]
[WhiteElo "2560"]
[BlackElo "2625"]
[PlyCount "97"]
[EventDate "1994.12.??"]
[Source "ChessBase"]

1. d4 d6 2. c4 g6 3. Nc3 Bg7 4. Nf3 e5 5. e4 Bg4 6. dxe5 dxe5 7. Qxd8+ Kxd8 8. Bg5+ f6 9. O-O-O+ Nd7 10. Be3 Nh6 11. c5 Be6 12. h3 c6 13. Nd2 Kc7 14. Nc4 Nf7 15. Be2 h5 16. b4 Rad8 17. Rd2 f5 18. f3 f4 19. Bf2 g5 20. Rhd1 g4 21. fxg4 hxg4 22. Bxg4 Bxg4 23. hxg4 Nf6 24. Rxd8 Rxd8 25. Rxd8 Nxd8 26. g5 Nh7 27. Nd6 Ne6 28. Bh4 Kb8 29. Nf5 Nhf8 30. Ne7 a5 31. a3 axb4 32. axb4 Nd4 33. Kd2 f3 34. g4 Kc7 35. Bf2 Nfe6 36. Nf5 Bf8 37. g6 b6 38. Na4 b5 39. Nb2 Ng5 40. Bxd4 exd4 41. g7 Nxe4+ 42. Ke1 Bxg7 43. Nxg7 Kd7 44. Nd3 Ke7 45. Nf5+ Ke6 46. Nxd4+ Kd5 47. Nxf3 Kc4 48. Ke2 Nc3+ 49. Kd2 1-0

[Event "18th North Sea Cup"]
[Site "Esbjerg"]
[Date "2003.06.06"]
[Round "3"]
[White "Schandorff, Lars"]
[Black "Hansen, Curt"]
[Result "1/2-1/2"]
[WhiteElo "2563"]
[BlackElo "2610"]
[PlyCount "56"]
[EventDate "2003.06.04"]
[Source "Roberto Alvarez"]
[SourceDate "2003.07.14"]

1. d4 d6 2. Nf3 g6 3. g3 Bg7 4. Bg2 Nd7 5. c4 e5 6. Nc3 Ne7 7. O-O O-O 8. e4 exd4 9. Nxd4 Nc6 10. Nxc6 bxc6 11. Qc2 a5 12. f4 Nb6 13. b3 a4 14. Be3 axb3 15. axb3 Rxa1 16. Rxa1 Qf6 17. Rc1 c5 18. Qf2 Re8 19. Nb5 Qd8 20. Rd1 Bg4 21. Rd3 Bd7 22. e5 dxe5 23. fxe5 Qc8 24. Nc3 Bf5 25. Be4 Bxe4 26. Nxe4 Nd7 27. e6 Rxe6 28. Nxc5 Nxc5 1/2-1/2

[Event "New York (open)"]
[Site "?"]
[Date "1990.??.??"]
[Round "?"]
[White "Epishin, V."]
[Black "Ehlvest, J."]
[Result "1-0"]
[WhiteElo "2550"]
[BlackElo "2620"]
[PlyCount "79"]
[EventDate "1990.??.??"]
[Source "ChessBase"]
[SourceDate "1990.07.01"]

1. d4 g6 2. Nf3 Bg7 3. c4 d6 4. Nc3 e5 5. e4 Bg4 6. d5 a5 7. Be2 Bd7 8. O-O Na6 9. a3 Nf6 10. Be3 Ng4 11. Bg5 f6 12. Bd2 Nh6 13. b4 Nf7 14. Rb1 f5 15. Ne1 O-O 16. f3 axb4 17. axb4 c6 18. Nd3 Nc7 19. dxc6 bxc6 20. b5 c5 21. Ra1 Ne6 22. Rxa8 Qxa8 23. Nd5 Nd4 24. Nb6 Qb7 25. Nxd7 Qxd7 26. Be3 Bh6 27. Bxd4 exd4 28. exf5 Be3+ 29. Kh1 Qxf5 30. f4 d5 31. Bg4 Qf6 32. Nxc5 dxc4 33. Nd7 Qd6 34. Nxf8 Kxf8 35. f5 g5 36. f6 Ne5 37. Bf5 g4 38. Qa4 d3 39. Qa8+ Kf7 40. Bxh7 1-0

[Event "Capablanca Mem Elite"]
[Site "?"]
[Date "2005.05.06"]
[Round "1"]
[White "Jobava Baadur"]
[Black "Arencibia Walter"]
[Result "1-0"]
[WhiteElo "2637"]
[BlackElo "2530"]
[PlyCount "69"]
[EventDate "2005.??.??"]
[Source "www.chesslib.no"]
[SourceDate "2004.05.04"]

1. d4 g6 2. c4 Bg7 3. e4 d6 4. Nc3 Nc6 5. Be3 e5 6. Nge2 exd4 7. Nxd4 Nge7 8. Be2 O-O 9. O-O f5 10. Nxc6 bxc6 11. Bf3 Rb8 12. Qd2 c5 13. Bg5 Qd7 14. Rae1 Be5 15. Bxe7 Qxe7 16. exf5 Qg7 17. Bd5+ Kh8 18. fxg6 Bf4 19. Qc2 hxg6 20. b3 Bd7 21. Be6 Be8 22. Nd5 Bh6 23. Re4 g5 24. Bf5 Bc6 25. Re6 Bxd5 26. Rg6 Bg8 27. Rxg7 Bxg7 28. Qd3 Be5 29. Qh3+ Kg7 30. Qg4 Kf6 31. h4 gxh4 32. f4 Bd4+ 33. Kh2 Ke7 34. Re1+ Kd8 35. Qxh4+ 1-0